000 00401nam a2200169Ia 4500
005 20240827041534.0
008 240331s9999 xx 000 0 und d
020 _a9788172239312
082 _bKAN
_a800
100 _aKantha,S
245 2 _aA break in the circle
260 _aIndia
_bHarperCollins Publishers
_c2010
300 _a195 p .,
650 _amysterious
650 _aStories
942 _cL
999 _c4988
_d4988